000 00656cab a2200253 4500
001 X2692
008 090401t1991 xxu||||| |||| 00| 0 eng d
035 _a(Sirsi) u25826
041 _aeng
100 _aAkintoye, A.
245 _aProfitability of UK construction contractors
260 _c1991
350 _a0
490 _aConstruction Management & Economics
_v9 (4) July 1991, 311-325(8)
650 _aCOMPANY SIZE
650 _aCONSTRUCTION COMPANIES
650 _aCONSTRUCTION INDUSTRY
650 _aPROFITABILITY
650 _aTURNOVER
690 _aBUILT ENVIRONMENT
700 _aSkitmore, M.
942 _n0
948 _c04/03/1997
999 _c17356
_d17356